[Event "Innsbruck op-B 2nd"]
[Site "Innsbruck"]
[Date "2018.09.01"]
[Round "9"]
[White "Kofler, Albin Ernst"]
[Black "Beshukova, Ekaterina"]
[Result "0-1"]
[WhiteElo "1534"]
[BlackElo "1791"]
[PlyCount "54"]
[EventDate "2018.08.24"]
[EventType "swiss"]
[EventRounds "9"]
[EventCountry "AUT"]
[SourceTitle "CBM 186 Extra"]
[Source "ChessBase"]
[SourceDate "2018.08.24"]
[SourceVersion "1"]
[SourceVersionDate "2018.08.24"]
[SourceQuality "1"]

1. Nf3 Nf6 2. g3 d5 3. Bg2 e6 4. 0-0 b6 5. c4 Bb7 6. cxd5 Bxd5 7. Nc3 Bb7 8. d4 Be7 9. Bf4 0-0 10. Re1 c5 11. e4 cxd4 12. Nxd4 a6 13. Be3 b5 14. Qb3 Nbd7 15. Nde2 Nc5 16. Qc2 Ng4 17. Rad1 Nxe3 18. fxe3 Qc7 19. Nf4 Rac8 20. Qe2 b4 21. Nb1 Nxe4 22. Rc1 Qb6 23. Bf1 Ng5 24. Bg2 Rxc1 25. Rxc1 Bxg2 26. Nxg2 Rd8 27. Nd2 Rxd2 0-1

[Event "Innsbruck op-B 2nd"]
[Site "Innsbruck"]
[Date "2018.08.28"]
[Round "5"]
[White "Beshukova, Ekaterina"]
[Black "Pernerstorfer, Moritz"]
[Result "1-0"]
[WhiteElo "1791"]
[BlackElo "1569"]
[PlyCount "83"]
[EventDate "2018.08.24"]
[EventType "swiss"]
[EventRounds "9"]
[EventCountry "AUT"]
[SourceTitle "CBM 186 Extra"]
[Source "ChessBase"]
[SourceDate "2018.08.24"]
[SourceVersion "1"]
[SourceVersionDate "2018.08.24"]
[SourceQuality "1"]

1. d4 Nf6 2. Nf3 d6 3. e3 g6 4. b3 Bg7 5. Bb2 0-0 6. Be2 Nbd7 7. 0-0 c5 8. c4 Ne4 9. Nc3 Ndf6 10. Nxe4 Nxe4 11. Qc2 Bf5 12. Bd3 d5 13. cxd5 Nd6 14. e4 Bg4 15. dxc5 Ne8 16. Bxg7 Nxg7 17. Ne5 Bd7 18. b4 Rc8 19. Qb3 f6 20. Nxd7 Qxd7 21. Rac1 Nh5 22. Rfe1 Nf4 23. Bf1 Kg7 24. b5 Rfd8 25. c6 bxc6 26. bxc6 Qg4 27. Qg3 Qxg3 28. hxg3 Nh5 29. Ba6 Rc7 30. Red1 g5 31. Rb1 Kg6 32. Rb7 Rdc8 33. Rdb1 Ng7 34. Rxc7 Rxc7 35. Rb7 Ne8 36. Rxc7 Nxc7 37. Bb7 f5 38. f3 Kf6 39. Kf2 h5 40. Ke3 Ke5 41. Bc8 e6 42. dxe6 1-0

[Event "Innsbruck op-B 2nd"]
[Site "Innsbruck"]
[Date "2018.08.26"]
[Round "3"]
[White "Wischounig, Josef"]
[Black "Beshukova, Ekaterina"]
[Result "1/2-1/2"]
[WhiteElo "1638"]
[BlackElo "1791"]
[PlyCount "60"]
[EventDate "2018.08.24"]
[EventType "swiss"]
[EventRounds "9"]
[EventCountry "AUT"]
[SourceTitle "CBM 186 Extra"]
[Source "ChessBase"]
[SourceDate "2018.08.24"]
[SourceVersion "1"]
[SourceVersionDate "2018.08.24"]
[SourceQuality "1"]

1. e4 c5 2. Nf3 e6 3. d4 cxd4 4. Nxd4 a6 5. Nc3 b5 6. a3 Bb7 7. Bd3 Qc7 8. Qf3 Nc6 9. Nxc6 Bxc6 10. 0-0 Bd6 11. Qh3 Nf6 12. f4 Bc5+ 13. Be3 Qb6 14. Bxc5 Qxc5+ 15. Kh1 d6 16. Rad1 h5 17. Rfe1 Ng4 18. Rd2 Nf2+ 19. Rxf2 Qxf2 20. Rf1 Qb6 21. f5 Bd7 22. Qg3 Rg8 23. fxe6 Bxe6 24. Qg5 f6 25. Qxh5+ Bf7 26. Qf5 Qd8 27. Nd5 Rb8 28. Nb4 Qb6 29. Nd5 Qd8 30. Nb4 Qb6 1/2-1/2

[Event "Innsbruck op-B 2nd"]
[Site "Innsbruck"]
[Date "2018.08.24"]
[Round "1"]
[White "Reginato, Elisabetta"]
[Black "Beshukova, Ekaterina"]
[Result "0-1"]
[WhiteElo "1322"]
[BlackElo "1791"]
[PlyCount "106"]
[EventDate "2018.08.24"]
[EventType "swiss"]
[EventRounds "9"]
[EventCountry "AUT"]
[SourceTitle "CBM 186 Extra"]
[Source "ChessBase"]
[SourceDate "2018.08.24"]
[SourceVersion "1"]
[SourceVersionDate "2018.08.24"]
[SourceQuality "1"]

1. d4 d5 2. Bf4 Nf6 3. Nf3 e6 4. e3 Be7 5. c4 0-0 6. Nc3 c6 7. Be2 Nbd7 8. 0-0 dxc4 9. Bxc4 Nb6 10. Be2 Nbd5 11. Nxd5 exd5 12. Rc1 h6 13. Bd3 Be6 14. Bc2 Ne4 15. Bxe4 dxe4 16. Ne5 Bd5 17. Qg4 Kh8 18. Nc4 Bxc4 19. Rxc4 Qd5 20. b3 g5 21. Be5+ f6 22. Bc7 Rac8 23. Bg3 Kh7 24. Rfc1 f5 25. Qh5 Qe6 26. Be5 Bd6 27. Bxd6 Qxd6 28. g3 f4 29. Qe2 fxg3 30. hxg3 Rf3 31. Kg2 Rcf8 32. Rf1 h5 33. Rh1 Rxf2+ 34. Qxf2 Rxf2+ 35. Kxf2 Qf6+ 36. Ke1 Qf3 37. Rh3 Qxe3+ 38. Kd1 Qf3+ 39. Kc2 Qg2+ 40. Kc3 Qxh3 41. Kb4 Qxg3 42. Rc5 Qe1+ 43. Ka3 Kg6 44. Re5 e3 45. Re6+ Kf7 46. Re5 e2 47. Ka4 b5+ 48. Ka3 Qc1+ 49. Kb4 e1Q+ 50. Rxe1 Qxe1+ 51. Kc5 Qc3+ 52. Kd6 Qxd4+ 53. Kc7 Qb6+ 0-1

[Event "Moscow op-B (Women)"]
[Site "Moscow"]
[Date "2015.02.05"]
[Round "6"]
[White "Beshukova, Ekaterina"]
[Black "Pavlova, Kseniia"]
[Result "0-1"]
[WhiteElo "1892"]
[BlackElo "2132"]
[PlyCount "84"]
[EventDate "2015.01.31"]
[EventType "swiss"]
[EventRounds "9"]
[EventCountry "RUS"]
[SourceTitle "CBM 164 Extra"]
[Source "ChessBase"]
[SourceDate "2015.03.02"]
[SourceVersion "1"]
[SourceVersionDate "2015.03.02"]
[SourceQuality "1"]

1. Nf3 g6 2. e3 Bg7 3. d4 d6 4. b3 Nf6 5. Bb2 0-0 6. Be2 Nfd7 7. 0-0 Nc6 8. c4 e5 9. Nc3 f5 10. d5 Ne7 11. e4 Nf6 12. Bd3 f4 13. b4 h6 14. c5 g5 15. h3 Ne8 16. Nh2 Ng6 17. Rc1 Rf7 18. Bb5 Nf6 19. c6 b6 20. Be2 Bf8 21. Ng4 Nh4 22. Nxf6+ Qxf6 23. Bh5 Rg7 24. f3 Ng6 25. a4 Kh7 26. Ra1 a6 27. b5 a5 28. Kh2 Ne7 29. Rh1 Ng8 30. Kg1 Qd8 31. Bg4 Nf6 32. Kf2 h5 33. Bxc8 Rxc8 34. Ke2 Kg8 35. Qe1 Qe8 36. Qf2 Qg6 37. Rag1 Kf7 38. Kd1 Be7 39. Nb1 Nxd5 40. Bc1 Nb4 41. Nc3 Qe6 42. Ba3 Qb3+ 0-1

[Event "Moscow op-B (Women)"]
[Site "Moscow"]
[Date "2015.02.04"]
[Round "5"]
[White "Beshukova, Ekaterina"]
[Black "Shaydullina, Sandugach"]
[Result "1/2-1/2"]
[WhiteElo "1892"]
[BlackElo "2149"]
[PlyCount "232"]
[EventDate "2015.01.31"]
[EventType "swiss"]
[EventRounds "9"]
[EventCountry "RUS"]
[SourceTitle "CBM 164 Extra"]
[Source "ChessBase"]
[SourceDate "2015.03.02"]
[SourceVersion "1"]
[SourceVersionDate "2015.03.02"]
[SourceQuality "1"]

1. Nf3 d5 2. e3 c5 3. d4 e6 4. Be2 Nc6 5. 0-0 Nf6 6. b3 Bd6 7. Bb2 0-0 8. Nbd2 Qe7 9. Ne5 cxd4 10. exd4 Ba3 11. Bxa3 Qxa3 12. Ndf3 Ne4 13. c4 Nxe5 14. dxe5 Nc3 15. Qc2 Nxe2+ 16. Qxe2 b6 17. cxd5 Ba6 18. Qe4 exd5 19. Qf5 Bxf1 20. Ng5 g6 21. Qh3 h5 22. Rxf1 Rac8 23. e6 f6 24. Qd3 Kg7 25. Nf3 Rc1 26. Qxd5 Rxf1+ 27. Kxf1 Qe7 28. Qe4 Re8 29. Nd4 f5 30. Qe5+ Kh6 31. Qf4+ Qg5 32. Qe5 f4 33. Qe4 Qf6 34. Ke2 Qg5 35. h3 Kg7 36. Kf3 Kf6 37. Qxf4+ Qxf4+ 38. Kxf4 Rc8 39. g4 hxg4 40. hxg4 Rc5 41. Ke4 Re5+ 42. Kd3 g5 43. a4 a6 44. f3 a5 45. Kc4 Rc5+ 46. Kd3 Rd5 47. Kc4 Re5 48. Kd3 Re1 49. Kc4 Ke5 50. e7 Kd6 51. Nf5+ Kd7 52. Kb5 Rd1 53. Kxb6 Rd3 54. Kxa5 Rxb3 55. e8Q+ Kxe8 56. Nd6+ Ke7 57. Ne4 Rxf3 58. Nxg5 Rf4 59. Nh3 Rxg4 60. Nf2 Rd4 61. Kb5 Kd6 62. a5 Kc7 63. a6 Rd5+ 64. Kb4 Kb6 65. a7 Kxa7 66. Kc4 Rf5 67. Ne4 Kb6 68. Kd4 Kc6 69. Ng3 Ra5 70. Ke4 Kd6 71. Nf5+ Ke6 72. Nd4+ Kf6 73. Nb3 Re5+ 74. Kd4 Kf5 75. Nd2 Kf4 76. Nc4 Re1 77. Kd5 Rd1+ 78. Ke6 Rd4 79. Nb6 Ke4 80. Nd7 Rc4 81. Nf6+ Kd4 82. Kf5 Rc6 83. Ng4 Rc5+ 84. Kf4 Rc8 85. Kf5 Re8 86. Nf6 Re1 87. Nd7 Re8 88. Nf6 Re7 89. Ng4 Rf7+ 90. Ke6 Ra7 91. Kf5 Ra3 92. Nf6 Re3 93. Ng4 Rf3+ 94. Ke6 Rg3 95. Nf6 Rg5 96. Nd7 Ke3 97. Nf6 Kf4 98. Nd5+ Kg4 99. Ne3+ Kh5 100. Kf6 Ra5 101. Nc4 Ra4 102. Ne3 Re4 103. Nd5 Kg4 104. Nc3 Rd4 105. Ke5 Rd3 106. Nd5 Kf3 107. Nb4 Rd2 108. Nd5 Rh2 109. Kd4 Rh8 110. Kc5 Ke4 111. Nc3+ Ke5 112. Kc4 Rd8 113. Nb5 Rd5 114. Nc3 Rd4+ 115. Kb3 Rh4 116. Kc2 Kd4 1/2-1/2

[Event "Moscow op-B (Women)"]
[Site "Moscow"]
[Date "2015.02.03"]
[Round "4"]
[White "Golyshkina, Marina"]
[Black "Beshukova, Ekaterina"]
[Result "0-1"]
[WhiteElo "1732"]
[BlackElo "1892"]
[PlyCount "60"]
[EventDate "2015.01.31"]
[EventType "swiss"]
[EventRounds "9"]
[EventCountry "RUS"]
[SourceTitle "CBM 164 Extra"]
[Source "ChessBase"]
[SourceDate "2015.03.02"]
[SourceVersion "1"]
[SourceVersionDate "2015.03.02"]
[SourceQuality "1"]

1. d4 d5 2. c4 e6 3. Nf3 Nf6 4. g3 c6 5. Bg2 Bb4+ 6. Bd2 Bxd2+ 7. Nbxd2 0-0 8. 0-0 Nbd7 9. Rc1 Re8 10. Qc2 e5 11. dxe5 Nxe5 12. Rfd1 Qe7 13. Kf1 Neg4 14. e3 Nxf2 15. Re1 N2g4 16. e4 dxe4 17. h3 Qc5 18. Nb3 Ne3+ 19. Rxe3 Qxe3 20. Re1 Qb6 21. Nfd4 Qc7 22. g4 Qf4+ 23. Kg1 h5 24. Rf1 Qe3+ 25. Kh1 hxg4 26. hxg4 Nxg4 27. Nf5 Bxf5 28. Rxf5 Qh6+ 29. Kg1 Qh2+ 30. Kf1 Ne3+ 0-1

[Event "World School-ch U17 Girls 9th"]
[Site "Porto Carras"]
[Date "2013.05.08"]
[Round "2"]
[White "Soyunlu, Narmin Asat Qizi"]
[Black "Beshukova, Ekaterina"]
[Result "1/2-1/2"]
[WhiteElo "2002"]
[BlackElo "1835"]
[PlyCount "139"]
[EventDate "2013.05.07"]
[EventType "swiss"]
[EventRounds "9"]
[EventCountry "GRE"]
[SourceTitle "CBM 154 Extra"]
[Source "ChessBase"]
[SourceDate "2013.06.25"]
[SourceVersion "2"]
[SourceVersionDate "2013.06.25"]
[SourceQuality "1"]

1. c4 c5 2. g3 g6 3. Bg2 Bg7 4. Nc3 Nc6 5. Nf3 d6 6. 0-0 e5 7. d3 Nge7 8. Ne1 0-0 9. Nc2 a6 10. Rb1 Be6 11. b4 cxb4 12. Nxb4 Rb8 13. Bg5 f6 14. Bd2 Nxb4 15. Rxb4 d5 16. Qb1 dxc4 17. Rxb7 Rxb7 18. Qxb7 Bc8 19. Qb4 cxd3 20. Qc4+ Kh8 21. exd3 Bf5 22. Ne4 Qb6 23. Be3 Qe6 24. Nc5 Qxc4 25. dxc4 a5 26. Nb7 a4 27. Bc5 Re8 28. Rd1 h5 29. Nd6 Rb8 30. Nb5 Bf8 31. Ba7 Rc8 32. Nd6 Rc7 33. Bb6 Rd7 34. c5 Kg8 35. h4 Be6 36. a3 Nc8 37. Bc6 Nxb6 38. Bxd7 Nxd7 39. c6 Nb6 40. c7 Be7 41. Rb1 Nd5 42. c8Q+ Bxc8 43. Nxc8 Bxa3 44. Ra1 Bc5 45. Rxa4 Ne7 46. Rc4 Nxc8 47. Rxc5 Ne7 48. Rc4 Kf7 49. Kf1 Nf5 50. Ke2 Nd4+ 51. Kd3 Nf5 52. Rc6 Nd4 53. Rd6 Ke7 54. Rb6 Ne6 55. Ke3 f5 56. Rb7+ Kf6 57. f3 f4+ 58. Kf2 fxg3+ 59. Kxg3 Nf4 60. Rb5 Ne2+ 61. Kf2 Nd4 62. Rb6+ Kf7 63. Kg3 Nf5+ 64. Kh3 Nd4 65. Kg2 Nf5 66. Rb4 Kf6 67. Rb6+ Kf7 68. Rb4 Kf6 69. Rb6+ Kf7 70. Rb4 1/2-1/2

[Event "Wch U16 Girls"]
[Site "Maribor"]
[Date "2012.11.15"]
[Round "8.45"]
[White "Mendez Tovar, Rosario Trinidad"]
[Black "Beshukova, Ekaterina"]
[Result "0-1"]
[WhiteElo "1608"]
[BlackElo "1878"]
[PlyCount "62"]
[EventDate "2012.11.08"]
[EventType "swiss"]
[EventRounds "11"]
[EventCountry "SLO"]
[SourceTitle "EXT 2013"]
[Source "ChessBase"]
[SourceDate "2012.11.22"]
[SourceVersion "1"]
[SourceVersionDate "2012.11.22"]
[SourceQuality "1"]

1. d4 d5 2. c4 e6 3. Nc3 Nf6 4. Nf3 c6 5. e3 Nbd7 6. Bd3 dxc4 7. Bxc4 b5 8. Bd3 b4 9. Ne4 Nxe4 10. Bxe4 Bb7 11. Qa4 Qb6 12. Bd2 Nf6 13. Bd3 Be7 14. 0-0 0-0 15. Ne5 a5 16. Rac1 Rfc8 17. Nc4 Qd8 18. Ne5 c5 19. dxc5 Bxc5 20. Rfd1 Qd5 21. Bxh7+ Nxh7 22. Nf3 Qh5 23. Ne1 Bc6 24. Qc2 Bd6 25. g3 Ng5 26. h4 Nf3+ 27. Kf1 Bb5+ 28. Kg2 Nxe1+ 29. Rxe1 Rxc2 30. Rxc2 Qd5+ 31. Kh3 Qf5+ 0-1

[Event "Wch U16 Girls"]
[Site "Maribor"]
[Date "2012.11.14"]
[Round "7.41"]
[White "Beshukova, Ekaterina"]
[Black "Giblon, Rebecca"]
[Result "0-1"]
[WhiteElo "1878"]
[BlackElo "1701"]
[PlyCount "40"]
[EventDate "2012.11.08"]
[EventType "swiss"]
[EventRounds "11"]
[EventCountry "SLO"]
[SourceTitle "EXT 2013"]
[Source "ChessBase"]
[SourceDate "2012.11.22"]
[SourceVersion "1"]
[SourceVersionDate "2012.11.22"]
[SourceQuality "1"]

1. d4 d5 2. Nf3 e6 3. e3 c6 4. b3 f5 5. Bb2 Nf6 6. Bd3 Bd6 7. 0-0 0-0 8. Nbd2 Ne4 9. Ne5 Nd7 10. c4 Qf6 11. Ndf3 Qh6 12. Nxd7 Bxd7 13. Ne5 Be8 14. Qc2 Rf6 15. Bxe4 dxe4 16. Rad1 Bh5 17. Rd2 Bf3 18. gxf3 Rg6+ 19. Kh1 Bxe5 20. f4 Qh3 0-1

[Event "EU-ch U16 Girls"]
[Site "Prague"]
[Date "2012.08.18"]
[Round "2"]
[White "Rodsmoen, Maud"]
[Black "Beshukova, Ekaterina"]
[Result "0-1"]
[WhiteElo "1777"]
[BlackElo "1879"]
[PlyCount "118"]
[EventDate "2012.08.17"]
[EventType "swiss"]
[EventRounds "9"]
[EventCountry "CZE"]
[SourceTitle "CBM 150 Extra"]
[Source "ChessBase"]
[SourceDate "2012.10.19"]
[SourceVersion "1"]
[SourceVersionDate "2012.10.19"]
[SourceQuality "1"]

1. e4 c5 2. Nf3 e6 3. d4 cxd4 4. Nxd4 a6 5. c4 Nf6 6. Nc3 d6 7. Be2 Be7 8. 0-0 0-0 9. Bf3 Qc7 10. Qe2 Nbd7 11. Bd2 Ne5 12. b3 b6 13. Rac1 Bb7 14. Rfd1 Rac8 15. h3 Qb8 16. Bf4 Qa8 17. Nc2 b5 18. Bxe5 dxe5 19. Ne3 b4 20. Na4 Bd8 21. Ng4 Nxg4 22. hxg4 Qa7 23. Rd7 Bc7 24. Rd3 Bc6 25. Nb2 Bb6 26. Rd2 Bd4 27. Nd3 a5 28. a3 Qb7 29. axb4 axb4 30. Ra2 Ra8 31. Rcc2 Rxa2 32. Rxa2 Rd8 33. Ra5 f6 34. Ra2 Qb6 35. Qc2 Bc3 36. c5 Qb7 37. Qe2 Bb5 38. c6 Qxc6 39. Nxb4 Bxb4 40. Qc2 Qb7 41. Qc1 Bd3 42. Kh2 Bxe4 43. Bxe4 Qxe4 44. Qc7 Rf8 45. f3 Qf4+ 46. Kg1 Qe3+ 47. Kh2 Bc5 48. g3 Bd4 49. Qb7 f5 50. gxf5 exf5 51. Qd5+ Kh8 52. f4 exf4 53. gxf4 Qxf4+ 54. Kg2 Qe4+ 55. Qxe4 fxe4 56. b4 e3 57. b5 Rf2+ 58. Rxf2 exf2 59. Kf1 g5 0-1

[Event "EU School-ch U17"]
[Site "Kallithea"]
[Date "2012.06.20"]
[Round "9"]
[White "Beshukova, Ekaterina"]
[Black "Bartsits, Sabina"]
[Result "1/2-1/2"]
[WhiteElo "1903"]
[BlackElo "1885"]
[PlyCount "92"]
[EventDate "2012.06.13"]
[EventType "swiss"]
[EventRounds "9"]
[EventCountry "GRE"]
[SourceTitle "EXT 2024"]
[Source "ChessBase"]
[SourceDate "2023.10.10"]
[SourceVersion "1"]
[SourceVersionDate "2023.10.10"]
[SourceQuality "1"]

1. d4 d5 2. Nf3 Nf6 3. e3 e6 4. Bd3 c5 5. b3 Bd6 6. 0-0 0-0 7. Bb2 cxd4 8. exd4 Nc6 9. Nbd2 Qc7 10. Re1 Nd7 11. c4 dxc4 12. Nxc4 Rd8 13. a3 Nf6 14. Qc2 h6 15. Rac1 Bf4 16. Ne3 Nd5 17. g3 Bd6 18. Nxd5 exd5 19. Ne5 Nxe5 20. dxe5 Qxc2 21. Rxc2 Be7 22. Rc7 Rd7 23. Rec1 Rxc7 24. Rxc7 Bd8 25. Rc2 Be6 26. Bd4 a5 27. f4 g6 28. Kg2 Be7 29. Bc5 Bxc5 30. Rxc5 d4 31. Bc4 Bd7 32. Kf2 Bc6 33. Bd5 Rc8 34. e6 Kf8 35. exf7 Rd8 36. Bxc6 Rc8 37. Rd5 Rxc6 38. Rxd4 Rc3 39. Rd8+ Kxf7 40. Rd7+ Kf6 41. Rxb7 Rc2+ 42. Kf3 Rxh2 43. b4 Ra2 44. Rb6+ Kf7 45. bxa5 Rxa3+ 46. Kf2 Rxa5 1/2-1/2

[Event "EU School-ch U17"]
[Site "Kallithea"]
[Date "2012.06.17"]
[Round "6"]
[White "Emiroglu, Cankut"]
[Black "Beshukova, Ekaterina"]
[Result "1-0"]
[WhiteElo "2253"]
[BlackElo "1903"]
[PlyCount "57"]
[EventDate "2012.06.13"]
[EventType "swiss"]
[EventRounds "9"]
[EventCountry "GRE"]
[SourceTitle "EXT 2024"]
[Source "ChessBase"]
[SourceDate "2023.10.10"]
[SourceVersion "1"]
[SourceVersionDate "2023.10.10"]
[SourceQuality "1"]

1. e4 c5 2. Nf3 d6 3. d4 cxd4 4. Nxd4 Nf6 5. Nc3 Nc6 6. Bg5 e6 7. Qd2 Be7 8. 0-0-0 a6 9. Bxf6 gxf6 10. f4 Qc7 11. f5 Bd7 12. Bc4 Nxd4 13. Qxd4 0-0-0 14. Bb3 Kb8 15. Rhf1 Rhg8 16. g3 h5 17. Na4 Rg4 18. Nc3 Qa5 19. Qf2 Rc8 20. Rd3 Rc5 21. Qd2 exf5 22. exf5 Rxf5 23. Re1 Re5 24. Bxf7 Bf5 25. Rd5 Rxd5 26. Qxd5 Qxd5 27. Nxd5 Bd8 28. Re8 Kc8 29. Ne7+ 1-0

[Event "EU School-ch U17"]
[Site "Kallithea"]
[Date "2012.06.16"]
[Round "5"]
[White "Gulay, Ayca Nuriye"]
[Black "Beshukova, Ekaterina"]
[Result "0-1"]
[WhiteElo "1559"]
[BlackElo "1903"]
[PlyCount "86"]
[EventDate "2012.06.13"]
[EventType "swiss"]
[EventRounds "9"]
[EventCountry "GRE"]
[SourceTitle "EXT 2024"]
[Source "ChessBase"]
[SourceDate "2023.10.10"]
[SourceVersion "1"]
[SourceVersionDate "2023.10.10"]
[SourceQuality "1"]

1. e4 c5 2. Nf3 Nc6 3. d4 cxd4 4. Nxd4 Qc7 5. Be3 Nf6 6. Nc3 a6 7. Bd3 e6 8. Qe2 b5 9. 0-0 Bb7 10. f4 h5 11. h3 h4 12. e5 Nh5 13. Qg4 Ng3 14. Nde2 Nxf1 15. Rxf1 0-0-0 16. a3 Be7 17. Be4 Rdg8 18. Qf3 f5 19. Bxc6 Bxc6 20. Qf2 g5 21. Nd4 g4 22. hxg4 Rxg4 23. Nxc6 Qxc6 24. Kh2 Rhg8 25. Rg1 d6 26. exd6 Bxd6 27. Na2 Qc4 28. Nb4 Bxf4+ 29. Bxf4 Qxf4+ 30. Qxf4 Rxf4 31. Nxa6 Rf2 32. Nb4 e5 33. Kh3 e4 34. Nd5 Kb7 35. Kxh4 Rgxg2 36. Rxg2 Rxg2 37. Ne3 Rf2 38. c4 f4 39. Nd1 Rd2 40. Nc3 e3 41. cxb5 e2 42. Nxe2 Rxe2 43. Kg4 Rxb2 0-1

[Event "EU School-ch U17"]
[Site "Kallithea"]
[Date "2012.06.14"]
[Round "2"]
[White "Beshukova, Ekaterina"]
[Black "Tirak, Mert"]
[Result "1-0"]
[WhiteElo "1903"]
[BlackElo "1747"]
[PlyCount "120"]
[EventDate "2012.06.13"]
[EventType "swiss"]
[EventRounds "9"]
[EventCountry "GRE"]
[SourceTitle "EXT 2024"]
[Source "ChessBase"]
[SourceDate "2023.10.10"]
[SourceVersion "1"]
[SourceVersionDate "2023.10.10"]
[SourceQuality "1"]

1. d4 Nf6 2. Nf3 g6 3. g3 Bg7 4. Bg2 0-0 5. 0-0 d6 6. c4 Nbd7 7. Nc3 c5 8. d5 Nb6 9. Nd2 Ng4 10. Qc2 f5 11. h3 Ne5 12. b3 Bd7 13. f4 Nf7 14. Bb2 Qc8 15. Kh2 Re8 16. Rfe1 e5 17. dxe6 Rxe6 18. Nd5 Bxb2 19. Qxb2 Nxd5 20. Bxd5 Re7 21. Qf6 Qe8 22. Bxf7+ Rxf7 23. Qc3 Re7 24. e3 Bc6 25. Re2 b6 26. Rae1 Bb7 27. Qd3 Qc6 28. g4 Rae8 29. Kg3 h6 30. gxf5 Rxe3+ 31. Rxe3 Qg2+ 32. Kh4 Qf2+ 33. Kg4 gxf5+ 34. Kh5 Rf8 35. Re8 Qxf4 36. Rg1+ Kf7 37. Rxf8+ Kxf8 38. Qg3 Qxd2 39. Qg7+ Ke8 40. Qxb7 Qe2+ 41. Kxh6 Qe3+ 42. Rg5 Qxh3+ 43. Kg6 f4 44. Qe4+ Kd7 45. Qf5+ Qxf5+ 46. Rxf5 Kc6 47. Rxf4 b5 48. cxb5+ Kxb5 49. Kf6 d5 50. Ke5 d4 51. Ke4 Kb4 52. Kd3 a5 53. Rf5 Kb5 54. a4+ Kb4 55. Rg5 Kxb3 56. Rxc5 Kxa4 57. Kxd4 Kb4 58. Rc4+ Kb3 59. Kc5 a4 60. Rb4+ Ka3 1-0

[Event "Nebug op"]
[Site "Nebug"]
[Date "2012.03.08"]
[Round "8"]
[White "Kroll, Dmitry V"]
[Black "Beshukova, Ekaterina"]
[Result "0-1"]
[WhiteElo "1763"]
[BlackElo "1891"]
[PlyCount "48"]
[EventDate "2012.03.02"]
[EventType "swiss"]
[EventRounds "9"]
[EventCountry "RUS"]
[SourceTitle "EXT 2022"]
[Source "ChessBase"]
[SourceDate "2021.10.06"]
[SourceVersion "1"]
[SourceVersionDate "2021.10.06"]
[SourceQuality "1"]

1. e4 c5 2. Nf3 e6 3. d4 cxd4 4. Nxd4 a6 5. c4 Nf6 6. Nc3 d6 7. Bd3 Qc7 8. 0-0 Be7 9. Bg5 0-0 10. Rc1 b6 11. Kh1 Bb7 12. f4 h6 13. Bh4 Nxe4 14. Bxe4 Bxh4 15. Qf3 Bxe4 16. Nxe4 Nd7 17. Qg4 Bf6 18. Qd1 Rac8 19. Qd2 Bxd4 20. Qxd4 d5 21. Rfd1 Qxf4 22. h3 Rfd8 23. Nc3 Rxc4 24. Nxd5 Qxd4 0-1

[Event "Nebug op"]
[Site "Nebug"]
[Date "2012.03.07"]
[Round "7"]
[White "Beshukova, Ekaterina"]
[Black "Vedmitcki, Denis"]
[Result "0-1"]
[WhiteElo "1891"]
[BlackElo "1677"]
[PlyCount "31"]
[EventDate "2012.03.02"]
[EventType "swiss"]
[EventRounds "9"]
[EventCountry "RUS"]
[SourceTitle "EXT 2022"]
[Source "ChessBase"]
[SourceDate "2021.10.06"]
[SourceVersion "1"]
[SourceVersionDate "2021.10.06"]
[SourceQuality "1"]

1. d4 Nc6 2. c4 e5 3. d5 Nce7 4. Nc3 Ng6 5. Nf3 Nf6 6. h4 Bc5 7. h5 Ng4 8. hxg6 Bxf2+ 9. Kd2 fxg6 10. d6 cxd6 11. Kc2 Qb6 12. Nd5 Qc6 13. Qd3 b5 14. Qxg6+ hxg6 15. Rxh8+ Kf7 16. Ng5# 0-1

[Event "Moscow op (Women)"]
[Site "Moscow"]
[Date "2012.01.28"]
[Round "1"]
[White "Beshukova, Ekaterina"]
[Black "Shaydullina, Sandugach"]
[Result "0-1"]
[WhiteElo "1828"]
[BlackElo "2215"]
[PlyCount "38"]
[EventDate "2012.01.28"]
[EventType "swiss"]
[EventRounds "9"]
[EventCountry "RUS"]
[SourceTitle "CBM 146 Extra"]
[Source "ChessBase"]
[SourceDate "2012.02.29"]
[SourceVersion "1"]
[SourceVersionDate "2012.02.29"]
[SourceQuality "1"]

1. d4 Nf6 2. Nf3 e6 3. e3 d5 4. Bd3 c5 5. b3 Nc6 6. 0-0 Bd6 7. dxc5 Bxc5 8. c4 0-0 9. Bb2 b6 10. a3 Bb7 11. Nc3 d4 12. exd4 Nxd4 13. Nxd4 Bxd4 14. Qe2 Qd7 15. Rfe1 Rad8 16. Rad1 Qc6 17. Be4 Nxe4 18. Nxe4 Bxb2 19. Rxd8 Rxd8 0-1

[Event "EU-ch U16 Girls"]
[Site "Albena"]
[Date "2011.09.15"]
[Round "5"]
[White "Bass, Leenoy"]
[Black "Beshukova, Ekaterina"]
[Result "1/2-1/2"]
[WhiteElo "1594"]
[BlackElo "1873"]
[PlyCount "35"]
[EventDate "2011.09.11"]
[EventType "swiss"]
[EventRounds "9"]
[EventCountry "BUL"]
[SourceTitle "CBM 144 Extra"]
[Source "ChessBase"]
[SourceDate "2011.10.28"]
[SourceVersion "1"]
[SourceVersionDate "2011.10.28"]
[SourceQuality "1"]

1. e4 c5 2. Nf3 e6 3. d4 cxd4 4. Nxd4 a6 5. Bd3 Nf6 6. 0-0 Qc7 7. Kh1 d6 8. f4 Be7 9. f5 e5 10. Nb3 Nbd7 11. Qf3 b6 12. Be3 Bb7 13. c4 b5 14. cxb5 axb5 15. Rc1 Qd8 16. Nc3 b4 17. Ne2 d5 18. Ng3 1/2-1/2

[Event "EU-ch U16 Girls"]
[Site "Albena"]
[Date "2011.09.13"]
[Round "3"]
[White "Baraeva, Marina"]
[Black "Beshukova, Ekaterina"]
[Result "1-0"]
[WhiteElo "2199"]
[BlackElo "1873"]
[PlyCount "63"]
[EventDate "2011.09.11"]
[EventType "swiss"]
[EventRounds "9"]
[EventCountry "BUL"]
[SourceTitle "CBM 144 Extra"]
[Source "ChessBase"]
[SourceDate "2011.10.28"]
[SourceVersion "1"]
[SourceVersionDate "2011.10.28"]
[SourceQuality "1"]

1. d4 d5 2. c4 c6 3. Nf3 Nf6 4. Nc3 a6 5. a4 e6 6. Bg5 Nbd7 7. e3 Qa5 8. Bxf6 Nxf6 9. Bd3 Bb4 10. Rc1 dxc4 11. Bxc4 Ne4 12. Qc2 Nxc3 13. bxc3 Be7 14. 0-0 0-0 15. Bd3 h6 16. Ne5 Qc7 17. f4 Bf6 18. Rf3 Bxe5 19. fxe5 b5 20. Rcf1 Ra7 21. Bh7+ Kh8 22. Bg6 Qa5 23. axb5 cxb5 24. Bxf7 Rc7 25. Bg6 Rxf3 26. Rxf3 Qa3 27. Qb2 Qe7 28. Bb1 Bb7 29. Qc2 g5 30. Rf6 Qg7 31. Qf2 Rc8 32. Rf7 1-0

[Event "Nebug op"]
[Site "Nebug"]
[Date "2011.01.09"]
[Round "4"]
[White "Beshukova, Ekaterina"]
[Black "Tletseri, Marziet"]
[Result "1/2-1/2"]
[WhiteElo "1676"]
[BlackElo "1952"]
[PlyCount "88"]
[EventDate "2011.01.06"]
[EventType "swiss"]
[EventRounds "9"]
[EventCountry "RUS"]
[SourceTitle "CBM 140 Extra"]
[Source "ChessBase"]
[SourceDate "2011.03.01"]
[SourceVersion "1"]
[SourceVersionDate "2011.03.01"]
[SourceQuality "1"]

1. e4 e5 2. Bc4 Nf6 3. d3 Be7 4. Nf3 d6 5. c3 Nbd7 6. 0-0 0-0 7. Nbd2 c6 8. Bb3 Qc7 9. Re1 b6 10. d4 Bb7 11. Qe2 a5 12. h3 Ba6 13. Qe3 Nh5 14. Nf1 Nf4 15. Bc2 Rfe8 16. Ng3 Bf8 17. Qd2 Nf6 18. Qd1 N6h5 19. Nxh5 Nxh5 20. Nxe5 dxe5 21. Qxh5 exd4 22. cxd4 Rad8 23. Be3 g6 24. Qf3 Bg7 25. Rad1 Bb7 26. e5 c5 27. Be4 cxd4 28. Bxd4 Bxe4 29. Qxe4 Qc4 30. b3 Qb4 31. Qe3 Rb8 32. Bc3 Qe7 33. Rd6 Qxd6 34. exd6 Rxe3 35. Rxe3 Bxc3 36. Rxc3 Kf8 37. Kf1 Ke8 38. Rc7 Rd8 39. Rc6 Rb8 40. Ke2 Rb7 41. Kd3 Kd7 42. Rc7+ Rxc7 43. dxc7 Kxc7 44. Kc4 Kc6 1/2-1/2